00485 2200193 4500001002100000005001500021008004100036020002200077035001900099041000700118082001000125090001600135100002600151245003000177260002400207300003200231500001100263650001700274INLIS00000000000148420241224112347241224||||||||| | ||| |||| || |  a978-602-1595-32-9 0010-1224001484 aid0 a615.8 a615.8 SWI h0 aPuspitarini Muyassaro00aKhasiat Ajaib Buah Sirsak aJakartabPadic2014 avii, 140 hlm.; ilus.: 22 cm aCet. 1 0aIlmu Terapan